000 00611nam a2200229Ia 4500
003 OSt
005 20221005081417.0
006 a|||||r|||| 00| 0
007 ta
008 221004b |||||||| |||| 00| 0 eng d
024 _a55031
037 _cTextual
040 _aCRL
_cCRL
_beng
041 _2eng
_aeng
082 _aV2y7N44x, N3
245 0 _aRajiv Gandhi memorial initiative
_b Statements and decleration.
260 _aNew Delhi
_bRajiv Gandhi Foundation
_c1993
300 _a143p.
_ccm.
650 _aHISTORY
942 _hV2y7N44x, N3
_cTEXL
_2cc
999 _c987647
_d987647